1561 1360 1462 1313 1443 1978 1995 1173 1012 1327 1088 1670 1063 1135 1589 1209 1706 1463 1991 1823 1412 1951 1665 1157 1503 1095 1958 1019 1932 1827 1602 1671 1606 1475 1910 1030 1098 1729 1104 1441 1371 1199 1302 1349 1375 1755 1212 1284 1560 1415 1056 1792 1426 1919 1407 1138 1897 1105 1557 1432 1630 1909 1612 1660 1953 1642 1520 1164 1954 1477 1443 1138 1954 1537 1698 1443 1156 1169 1545 1941 1904 1507 1015 1370 1754 1329 1463 1536 1711 1928 1042 1737 1722 1967 1735 1765 1489 1063 1943 BCNSPRNW ULIB Ver.6.0+V

เปลี่ยนเป็นภาษาไทย

Change to English
 แสดงรายละเอียดบรรณานุกรม
  กลับหน้าหลัก

Brief Record : Get Marc (ISO 2709) : E-mail record : QR code < ปิดหน้าต่าง
LEADER : 00000nam a2200289Ia 4500
001    13399114553
003     ULIB
008    080513s2007 enk b 001 0 eng d
020    ^a780521689366
060 04 ^aWA21^bP828
245 10 ^aPublic health ethics : Key concepts and issuse in policy and parctice /^cEdited by Angus Dawson
260    ^aCambridge, U.K. :^bCambridge university press,^c2011
300    ^axv, 239 p. ;^c23 cm.
504    ^aIncludes bibliographical references and index
650  0 ^aPublic health^xMoral and ethical aspects
650  2 ^aPublic Health^xethics
945    ^p0^l0^i031642
995    ^aKesorn
999 ^a ใช้งานได้ทุกระบบ
รายการนี้ยังไม่มีแท็ก
คุณยังไม่ได้ล็อกอิน คุณสามารถมีกิจกรรมร่วมกับเว็บไซต์ได้ แต่ต้องล็อกอินก่อน ::
  ล็อกอิน

รายการสื่อสารสนเทศ

ลำดับที่ ประเภท เลขเรียก/บาร์โค้ด สถานที่ สถานะ
- ไม่พบข้อมูล -

BibComment


ยังไม่เคยถูกคอมเมนท์

คอมเมนท์ทรัพยากรรายการนี้
  คอมเมนท์: Public health et..


 Copyright 2026. Bcnsprnw @Library